Introducción a la investigación de mercados
保存先:
| 主要な著者: | , |
|---|---|
| フォーマット: | 図書 |
| 言語: | スペイン語 |
| 出版事項: |
Ciudad de México
Editorial Diana
1976
|
| 版: | 1a. ed |
| シリーズ: | Técnico
|
| 主題: | |
| タグ: |
タグ追加
タグなし, このレコードへの初めてのタグを付けませんか!
|
MARC
| LEADER | 00000cam a2200000 a 4500 | ||
|---|---|---|---|
| 001 | UCD9120 | ||
| 003 | CL-VaPUC | ||
| 008 | 170602e19760000mx |||||||||||||||||spa|d | ||
| 020 | |a 968130246X | ||
| 082 | 0 | 4 | |a 658.8 |b LOP |2 21 |
| 100 | |a López Altamirano, Alfredo |e autor |9 592816 | ||
| 700 | 0 | |a Osuna Coronado, Manuel |e author |9 592817 | |
| 245 | 1 | 0 | |a Introducción a la investigación de mercados |
| 250 | |a 1a. ed | ||
| 300 | |a 218 p | ||
| 942 | |c BK | ||
| 945 | |d 20170602 23:29:00 |a arojas | ||
| 260 | |a Ciudad de México |b Editorial Diana |c 1976 | ||
| 650 | 0 | |a Investigación de mercado |9 332310 | |
| 650 | 0 | |a Marketing |9 259324 | |
| 650 | 0 | |a Métodos de investigación |9 262618 | |
| 650 | 0 | |a Mercados |9 338624 | |
| 583 | |a last modification |c 20170602 23:29:00 |k Rodrigo Vera | ||
| 490 | 0 | |a Técnico | |
| 999 | |c 368403 |d 368401 | ||